000 00329nam a22001337a 4500
008 170329b xxu||||| |||| 00| 0 eng d
020 _a9780836228069
041 _aeng
080 _a616-053.2
100 _a8
101 _aSHM
245 _aSIX-POINT PLAN FOR RAISING HAPPY, HEALTHY CHILDREN
_cROSEMOND, J.K
942 _2udc
_cBK
999 _c9022
_d9022